Devine le personnage Zelda - Statistiques

Statistiques générales
  • Ce quiz a été pris 290 fois
  • Le résultat moyen est 7 sur 15
Statistiques - réponses
Indice Réponse % Correct
Reflet Maléfique de Link, possèdant les mêmes aptitudes que ce dernier Dark Link
95%
Il arbore une tenue bleue ornée de l'œil Sheikah, symbolique de son clan.Zelda, prenant son apparence, guide Link adulte au cours de sa quête et lui apprend de nouveaux airs pour son ocarina. Sheik
86%
C'est un Hylien, de trente-cinq ans dans Majora's Mask, obsédé par les "fées des bois", et il se dit lui-même être "l'absolue réincarnation d'une fée". Tingle
74%
Jeune fermière du Ranch Lon Lon et fille de son propriétaire Talon, elle est la première maîtresse d'Epona avant que Link n'en fasse l'acquisition sept ans après leur première rencontre. Malon
61%
Souvent représentées sous la forme de boules de lumière avec quatre ailes. Elle est de couleur bleue ou de temps en temps blanche . Bien qu'elle ne croie pas vraiment en Link au début du jeu, son opinion change avec le temps, et ils deviennent rapidement une équipe inséparable. Navi
59%
Sa peau est bleue et noire et ses cheveux sont roux.Elle a une apparence assez étrange, semblable à un diablotin, avec un casque en partie brisé sur la tête. Midona
58%
Membre du peuple Piaf, Elle a de longs cheveux bruns noués en queue de cheval et porte la tenue des servantes de Valoo.Elle emporte toujours sa lyre avec elle. Médolie
39%
Fanatique de monstres qui est le gérant du magasin nocturne et ambulant l'Antre des Monstres, où il vend des marchandises liées aux monstres. Kilton
38%
Il porte une capuche violette qui le fait ressembler à un lapin. Il dirige un magasin portant son nom qu'il a établi dans la maison de Link et où Link peut louer ou acheter des objets nécessaires à sa quête. Il se dit marchand ambulant. Lavio
37%
Esprit du Ciel, qui vit au sommet du volcan de l'île du Dragon. Il est le protecteur du peuple Piaf établit sur cette même île. Valoo
33%
Capitaine du navire portant son nom, abord duquel Link voyage pendant tout le jeu. Il est un marin qui parcourt les mers à la recherche de trésors, qui semblent être sa raison de vivre et son unique source de motivation. Linebeck
25%
Antagoniste principal du jeu japonais NES Doki Doki Panic, sorti sous le nom de Super Mario Bros. 2 en Europe et en Amérique, il est présent dans une grotte secrète, au dédale des Panneaux, et répète son nouveau tube, avec ses partenaires grenouilles dan Link's Awakening. Wart
20%
Il est le roi autoproclamé du crépuscule et apparaît régulièrement portant un casque qui cache son visage, mais l'enlève avant sa bataille avec Link. C'est un puissant sorcier et serviteur de Ganondorf Zant
19%
Dans Spirit Tracks, il est le serviteur du Ministre Kimado et l'ancien apprenti de Dame Bicelle. Avide d'un pouvoir que les Dieux de la Tour ne pouvaient lui donner, il se mit en tête de faire revenir à la vie l'ancien démon, Mallard, seul être qui pourrait lui donner la force de surpasser même les esprits. Traucmahr
7%
C'est un compagnon de Nick et Quartz et il est le frère de Ferrug, ce dernier étant le premier Mogma que rencontre Link à son arrivé au volcan d'Ordinn. Link le recroisera quand il sera à la recherche de son frère dans le temple de la Terre. Cobal
3%
Aucun quiz correspondant
Distribution des résultats
% des personnes avec chaque résultat
Percentile par nombre de réponses
Votre historique - résultats
Vous n’avez pas pris ce quiz